[Event "CHN-RUS Summit Men 6th Blitz"]
[Site "Sochi"]
[Date "2009.08.23"]
[Round "6"]
[White "Malakhov, Vladimir"]
[Black "Wang, Yue"]
[Result "1-0"]
[WhiteElo "2707"]
[BlackElo "2736"]
[PlyCount "105"]
[EventDate "2009.08.23"]
[EventType "schev (blitz)"]
[EventRounds "10"]
[EventCountry "RUS"]
[SourceTitle "CBM 131 Extra"]
[Source "ChessBase"]
[SourceDate "2009.09.03"]
[SourceVersion "2"]
[SourceVersionDate "2009.09.16"]
[SourceQuality "1"]

1. Nf3 Nf6 2. g3 d5 3. Bg2 Bg4 4. O-O Nbd7 5. c4 ({RR} 5. h3 Bxf3 6. Bxf3 e5 7. c4 c6 8. cxd5 cxd5 9. d3 Be7 10. Nc3 d4 11. Nb5 a6 12. Na3 Rb8 13. Bd2 b5 14. Rc1 O-O 15. Rc6 e4 16. dxe4 Ne5 17. Rc1 d3 18. Bg2 dxe2 19. Qxe2 Qd3 {Kramnik,V (2801)-Shirov,A (2684) Zuerich 2016 1-0 (31)}) 5... dxc4 ({RR} 5... Bxf3 6. Bxf3 Ne5 7. Bxd5 Nxd5 8. cxd5 Qxd5 9. Nc3 Qd7 10. d4 Ng6 11. e4 h5 12. h4 O-O-O 13. Be3 e5 14. d5 Kb8 15. Rc1 Bd6 16. a4 a6 17. Kg2 f5 18. exf5 Qxf5 19. Qf3 Ne7 20. Qxf5 {Shafer,L (2162)-Annaberdiev,M (2449) chess.com INT 2025 0-1 (67)}) 6. Qa4 c6 7. Qxc4 Bxf3 $146 ({RR} 7... e5 8. d4 Bxf3 9. exf3 Nb6 10. Qe2 Qxd4 11. Rd1 Qc5 12. Nc3 Be7 13. Be3 Qc4 14. Qe1 Qe6 15. f4 Nc4 16. fxe5 Nxe5 17. Bd4 Ng6 18. Qxe6 fxe6 19. Re1 Kf7 20. Bh3 Nf8 21. Re2 c5 22. Be5 {Dronavalli,H (2503)-Kosteniuk,A (2501) FIDE Online Arena INT 2024 0-1 (56)}) ({RR} 7... e5 8. d4 Bxf3 9. exf3 Nb6 10. Qe2 Qxd4 11. Rd1 Qc5 12. Nc3 Be7 13. Be3 Qc4 14. Qe1 Qe6 15. f4 Nc4 16. fxe5 Nxe5 17. Bd4 Ng6 18. Qxe6 fxe6 19. Re1 Kf7 20. Bh3 Nf8 21. Re2 c5 22. Be5 {Dronavalli,H (2503)-Kosteniuk,A (2501) FIDE Online Arena INT 2024 0-1 (56)}) 8. Bxf3 Ne5 9. Qb3 Nxf3+ 10. Qxf3 e6 11. b3 Be7 12. Bb2 O-O 13. d3 a5 14. a3 Nd5 15. Nd2 Bf6 16. Bxf6 Qxf6 17. Qxf6 Nxf6 18. Rfc1 Rfd8 19. Nc4 Nd7 20. b4 axb4 21. axb4 Nf6 22. Rxa8 Rxa8 23. Nd6 Rb8 24. Ra1 Nd5 25. Nxb7 Nxb4 26. Nd6 Nd5 27. Ra7 Nc3 28. e3 Nb5 29. Rb7 Rxb7 30. Nxb7 Kf8 31. Na5 Na7 32. d4 Ke7 33. Kf1 Kd6 34. Ke2 e5 35. Nc4+ Ke6 36. dxe5 Nb5 37. Kd3 c5 38. f4 h5 39. Nd2 Kd5 40. e4+ Kc6 41. Nf3 Nc7 42. Ng5 f6 43. exf6 gxf6 44. Nf7 Kb5 45. Kc3 Kc6 46. Kc4 Na8 47. Nd8+ Kd7 48. Nb7 Kc6 49. Nxc5 Nb6+ 50. Kd4 Kd6 51. Nd3 Nd7 52. f5 Ke7 53. Nf4 1-0

[Event "USA tt"]
[Site "ICC INT"]
[Date "2009.09.08"]
[Round "2"]
[White "Nakamura, Hikaru"]
[Black "Kacheishvili, Giorgi"]
[Result "1-0"]
[WhiteElo "2710"]
[BlackElo "2606"]
[PlyCount "53"]
[EventDate "2009.08.31"]
[EventType "team (rapid)"]
[EventRounds "10"]
[EventCountry "USA"]
[SourceTitle "CBM 132 Extra"]
[Source "ChessBase"]
[SourceDate "2009.11.03"]
[SourceVersion "1"]
[SourceVersionDate "2009.11.03"]
[SourceQuality "1"]

1. b3 d5 2. Bb2 c5 3. e3 Nf6 4. Nf3 g6 5. Bxf6 exf6 6. c3 ({RR} 6. d4 Nc6 7. Be2 Bd6 8. O-O O-O 9. dxc5 Bxc5 10. c3 h5 11. a4 a6 12. Na3 Bg4 13. Nc2 Re8 14. Qd2 Qe7 15. b4 Bd6 16. Qxd5 Rad8 17. Qb3 h4 18. h3 Be6 19. Qb2 f5 20. Rfd1 g5 {Narayanan,S (2535)-Robson,R (2696) chess.com INT 2024 0-1 (32)}) 6... Bd6 ({RR} 6... Nc6 7. d4 b6 8. Bb5 Bb7 9. O-O a6 10. Bd3 Bd6 11. Re1 O-O 12. g3 Qc7 13. Bf1 Rad8 14. a3 h5 15. Bg2 Ne7 16. Nbd2 Nf5 17. b4 Kg7 18. Rc1 Rfe8 19. bxc5 bxc5 20. c4 dxc4 21. Nxc4 {Nakamura,H (2786)-Caruana,F (2802) Chess.com INT 2017 ½-½ (73)}) 7. d4 O-O 8. Nbd2 $146 ({RR} 8. g3 cxd4 9. Nxd4 Nc6 10. Bg2 Bc5 11. Ne2 Be6 12. Nd2 Qe7 13. O-O Rad8 14. Nf3 Bf5 15. Nfd4 Bg4 16. Qd2 Rfe8 17. Nf4 Be6 18. Rad1 a6 19. Ndxe6 fxe6 20. Nxe6 Qxe6 21. Bxd5 Kf8 22. Bxe6 Rxd2 {Nakamura,H (2766)-Yuan,Q (2373) Chess.com INT 2022 1-0 (73)}) ({RR} 8. Be2 Nc6 9. O-O Re8 10. a3 Bf5 11. Nbd2 cxd4 12. cxd4 Qe7 13. b4 a5 14. b5 Na7 15. Qb3 Be6 16. Ne1 Nc8 17. b6 a4 18. Qb2 Qd8 19. Rb1 Qe7 20. Ra1 Qd8 21. Nd3 Nxb6 22. Nc5 Bxc5 {Nakamura,H (2768)-Grandelius,N (2657) chess.com INT 2022 1-0 (47)}) 8... Be6 9. a3 f5 10. c4 Nc6 11. dxc5 Bxc5 12. b4 Be7 13. c5 Bf6 14. Rc1 d4 15. Bc4 dxe3 16. fxe3 Re8 17. O-O Ne5 18. Nxe5 Bxe5 19. Bxe6 Rxe6 20. Qc2 Qc7 21. Nf3 Bg7 22. Rfe1 Rae8 23. Qa4 Qe7 24. Kh1 Rxe3 25. h3 Bc3 26. Rxe3 Qxe3 27. Rxc3 1-0

[Event "CRO-chT1A 18th"]
[Site "Sibenik"]
[Date "2009.09.23"]
[Round "3"]
[White "Jovanic, Ognjen"]
[Black "Rogic, Davor"]
[Result "1-0"]
[WhiteElo "2543"]
[BlackElo "2542"]
[PlyCount "89"]
[EventDate "2009.09.21"]
[EventType "team-tourn"]
[EventRounds "9"]
[EventCountry "CRO"]
[SourceTitle "CBM 132 Extra"]
[Source "ChessBase"]
[SourceDate "2009.11.03"]
[SourceVersion "1"]
[SourceVersionDate "2009.11.03"]
[SourceQuality "1"]

1. d4 {ChessBase} d5 2. c4 c6 3. Nf3 Nf6 4. e3 e6 5. b3 Nbd7 6. Bb2 Bd6 7. Bd3 Qe7 8. Ne5 Bb4+ ({RR} 8... Nxe5 9. dxe5 Bb4+ 10. Nd2 Nd7 11. O-O O-O 12. f4 g6 13. Nf3 dxc4 14. bxc4 Ba3 15. Bd4 b5 16. cxb5 c5 17. Bc3 Bb7 18. Nd2 Nb6 19. Ne4 Bxe4 20. Bxe4 Rad8 21. Qc2 c4 22. Bd4 Bc5 23. Qc3 {Vogel,R (2552)-Ipek,E (2221) Eforie Nord ROU 2025 1-0 (41)}) 9. Nd2 dxc4 ({RR} 9... Nxe5 10. dxe5 Nd7 11. a3 ({RR} 11. O-O) 11... Ba5 12. O-O f6 13. Nf3 Bc7 14. exf6 Nxf6 15. Ne5 O-O 16. f4 Bd7 17. Rf3 Be8 18. Qc2 Bxe5 19. Bxe5 Ne4 20. Bxe4 dxe4 21. Rff1 Bg6 22. c5 Rfd8 23. Bd6 Qf7 24. Rad1 {So,W (2667)-Shirov,A (2701) Malmo 2011 CBM 143 [ChessBase] 1-0 (59)}) 10. bxc4 O-O $146 ({RR} 10... Nxe5 11. dxe5 Nd7 12. O-O Nc5 13. Bc2 O-O 14. Qe2 Rb8 15. a3 Ba5 16. Ne4 Nxe4 17. Bxe4 b5 18. Qc2 g6 19. c5 Bb7 20. Rad1 Bc7 21. Qc3 Rfd8 22. Rd6 Qe8 23. f4 Bxd6 24. exd6 e5 25. fxe5 {Ag,N (2312)-Dudas,P (2257) Hungary 2013 1-0 (31)}) ({RR} 10... Nxe5 11. dxe5 Qd8 12. exf6 Qxd3 13. fxg7 Rg8 14. Qe2 Qc2 15. Bf6 Qg6 16. Qf3 e5 17. h3 Bf5 18. Bh4 Bxd2+ 19. Kxd2 Qd6+ 20. Ke1 Bd3 21. Rd1 Qb4+ 22. Rd2 e4 23. Qf6 Qb1+ 24. Rd1 Qb4+ 25. Rd2 {Parol,P (2086)-Smolka,M (2153) Szklarska Poreba 2017 ½-½ (31)}) 11. O-O Rd8 12. f4 Nf8 13. Ndf3 Bd7 14. Rb1 Be8 15. c5 b5 16. e4 Rac8 17. Qe2 Ba5 18. Kh1 N6d7 19. Bc2 a6 20. Rbd1 f6 21. Ng4 Ng6 22. g3 Bf7 23. Ne3 Bc7 24. e5 Kh8 25. Nd2 f5 26. g4 fxg4 27. Qxg4 Nxc5 28. dxc5 Qxc5 29. Rf3 Qb4 30. Bc1 Rd4 31. a3 Qc3 32. Qh5 Kg8 33. Rh3 Nxf4 34. Qxh7+ Kf8 35. Qh8+ Ke7 36. Nf5+ exf5 37. Qh4+ Ke8 38. Rxc3 Rcd8 39. Bb3 R8d5 40. Re3 Nd3 41. Qh8+ Ke7 42. Rxd3 Rxd3 43. Qh4+ Kf8 44. Re1 Bxe5 45. Qh8+ 1-0

[Event "EU-Cup 25th"]
[Site "Ohrid"]
[Date "2009.10.10"]
[Round "7.1"]
[White "Movsesian, Sergei"]
[Black "Fressinet, Laurent"]
[Result "1-0"]
[WhiteElo "2711"]
[BlackElo "2658"]
[PlyCount "123"]
[EventDate "2009.10.04"]
[EventType "team-swiss"]
[EventRounds "7"]
[EventCountry "MKD"]
[SourceTitle "CBM 133"]
[Source "ChessBase"]
[SourceDate "2009.11.19"]
[SourceVersion "1"]
[SourceVersionDate "2009.11.19"]
[SourceQuality "1"]
[WhiteTeam "Baden-Baden"]
[BlackTeam "Werder Bremen"]
[WhiteTeamCountry "GER"]
[BlackTeamCountry "GER"]

1. Nf3 d5 2. g3 Bg4 3. Bg2 c6 4. O-O Nd7 5. d3 e6 6. Nbd2 Bd6 7. h3 Bh5 8. e4 Ne7 9. b3 O-O 10. Bb2 e5 ({RR} 10... f6 11. d4 Kh8 12. Re1 c5 13. g4 Bf7 14. dxc5 Bxc5 15. exd5 Nxd5 16. Ne4 Bb4 17. c3 Be7 18. c4 Nf4 19. Nd6 Nc5 20. Nxf7+ Rxf7 21. Qxd8+ Rxd8 22. Red1 Ncd3 23. Bd4 Ne2+ 24. Kf1 Nxd4 25. Rxd3 {Smirin,I (2662)-Fressinet,L (2625) Bastia 2006 0-1 (39)}) ({RR} 10... a5 11. a3 Qb6 12. Qe1 Rae8 13. Kh1 e5 14. Nh2 f6 15. f4 exf4 16. gxf4 Qc7 17. Qh4 Bf7 18. e5 fxe5 19. f5 Kh8 20. Ng4 Ng8 21. Nf3 Ndf6 22. Ng5 h6 23. Rae1 Nxg4 24. hxg4 Qd8 25. Bc1 {Gubajdullin,A (2238)-Filgueira,H (2283) chess.com INT 2024 1-0 (34)}) 11. d4 $146 ({RR} 11. Qe1 f6 12. d4 Qc7 13. c4 Bb4 14. a3 Bxf3 15. axb4 Bxg2 16. Kxg2 Rfe8 17. dxe5 fxe5 18. exd5 cxd5 19. b5 d4 20. Ne4 Nf5 21. Ra4 Nd6 22. Ba3 Nxe4 23. Qxe4 Nb6 24. Rb4 Rad8 25. Rd1 Rf8 {Hoeksema,H (2405)-Comp Arthur The Hague 1996 ½-½ (66)}) ({RR} 11. Qe2 d4 12. g4 Bg6 13. Nh4 Nc5 14. f4 exf4 15. Bxd4 Ne6 16. Bb2 Bc5+ 17. Kh1 Nd4 18. Qd1 Nd5 19. exd5 Qxh4 20. Bxd4 Bxd4 21. Nf3 Qf6 22. g5 {1-0 (22) Krivoborodov,E (2522)-Quintero Ortega,C (2187) Austria 2016}) 11... f5 12. dxe5 Bxe5 13. Bxe5 Nxe5 14. exf5 Nxf3+ 15. Nxf3 Bxf3 16. Qxf3 Nxf5 17. Qd3 Qf6 18. c4 dxc4 19. Qxc4+ Qf7 20. Qc5 Qe7 21. Qxe7 Nxe7 22. Rfe1 Nf5 23. Rad1 Rad8 24. Rxd8 Rxd8 25. g4 Nh4 26. Re7 Rd1+ 27. Kh2 Rd2 28. Be4 Ng6 29. Rxb7 Rxf2+ 30. Kg3 Rxa2 31. Bxc6 Ra5 32. Bb5 Kf8 33. Bd3 Rc5 34. Bc4 Ne5 35. Be6 a5 36. Kf4 Ng6+ 37. Kf3 Rc3+ 38. Ke4 Rxh3 39. Rf7+ Ke8 40. Rxg7 Rh1 41. Kf5 Ne7+ 42. Kg5 Rh3 43. Kf6 Rh6+ 44. Ke5 Ng6+ 45. Ke4 Ne7 46. Bc4 Rh4 47. Ke5 Kf8 48. Rf7+ Ke8 49. Kd6 Rh6+ 50. Kc5 Rg6 51. Rxh7 Rxg4 52. Be6 Rg5+ 53. Kd6 Nf5+ 54. Bxf5 Rxf5 55. Ke6 Rf3 56. Rh8+ Rf8 57. Rxf8+ Kxf8 58. Kd7 Kf7 59. Kc6 Ke7 60. Kb6 Kd8 61. Kxa5 Kc7 62. Ka6 1-0

[Event "Bundesliga 0910"]
[Site "Germany"]
[Date "2009.10.17"]
[Round "1.3"]
[White "Movsesian, Sergei"]
[Black "Buhmann, Rainer"]
[Result "1-0"]
[WhiteElo "2711"]
[BlackElo "2603"]
[PlyCount "67"]
[EventDate "2009.10.16"]
[EventType "team-tourn"]
[EventRounds "15"]
[EventCountry "GER"]
[SourceTitle "CBM 132 Extra"]
[Source "ChessBase"]
[SourceDate "2009.11.03"]
[SourceVersion "1"]
[SourceVersionDate "2009.11.03"]
[SourceQuality "1"]
[WhiteTeam "Baden-Baden"]
[BlackTeam "Solingen"]
[WhiteTeamCountry "GER"]
[BlackTeamCountry "GER"]

1. Nf3 {ChessBase} d5 2. g3 Nf6 3. Bg2 c6 4. O-O Bg4 5. d3 Nbd7 6. h3 Bh5 7. Qe1 e5 8. e4 dxe4 9. dxe4 Bc5 10. Nbd2 O-O 11. Nc4 Re8 12. a4 Qc7 13. Nh4 b5 14. Na5 Bb6 15. Nb3 a6 16. a5 Ba7 17. Bg5 h6 18. Be3 c5 19. c4 Rab8 20. Nd2 Nf8 21. f4 exf4 22. gxf4 $146 ({RR} 22. Bxf4 Qd8 23. Nf5 Ne6 24. e5 ({RR} 24. Bxb8) 24... Nd4 ({RR} 24... Nxf4 25. gxf4) 25. Nd6 Re6 26. Qf2 Ne8 27. g4 Nxd6 28. exd6 Re2 29. gxh5 Rxf2 30. Rxf2 Qh4 31. Re1 Ne6 32. Bh2 bxc4 33. Re4 Qxh5 34. Nxc4 Qd1+ 35. Rf1 Qc2 36. d7 Rd8 {Aronian,L (2783)-Kramnik,V (2780) Shanghai 2010 CBM 138 [ChessBase] 1-0 (59)}) 22... Ne6 23. e5 Nd7 24. Qg3 Ndf8 25. Ne4 Kh8 26. Nd6 Nd4 27. Bxd4 cxd4 28. Nhf5 Ne6 29. Nxe8 Rxe8 30. Nd6 Rb8 31. cxb5 axb5 32. f5 Ng5 33. h4 Nh7 34. Kh2 1-0

[Event "Bundesliga 0910"]
[Site "Germany"]
[Date "2010.02.28"]
[Round "11.2"]
[White "Mamedyarov, Shakhriyar"]
[Black "Svetushkin, Dmitry"]
[Result "1-0"]
[WhiteElo "2721"]
[BlackElo "2570"]
[PlyCount "65"]
[EventDate "2009.10.16"]
[EventType "team-tourn"]
[EventRounds "15"]
[EventCountry "GER"]
[SourceTitle "EXT 2011"]
[Source "ChessBase"]
[SourceDate "2010.11.26"]
[SourceVersion "1"]
[SourceVersionDate "2010.11.26"]
[SourceQuality "1"]
[WhiteTeam "Werder Bremen"]
[BlackTeam "Handschuhsheim"]
[WhiteTeamCountry "GER"]
[BlackTeamCountry "GER"]

1. Nf3 Nf6 2. g3 d5 3. Bg2 c6 4. O-O Bf5 5. d3 e6 6. Nbd2 Be7 7. Nh4 Bg4 8. h3 Bh5 9. g4 Bg6 10. e4 $146 ({RR} 10. e3 Nbd7 11. f4 Qb6 12. Ndf3 c5 13. Qe2 Qa6 14. b3 Ne4 15. Qe1 Nd6 16. Bb2 Bf6 17. Ne5 Nxe5 18. Bxe5 Bxe5 19. fxe5 Nb5 20. a4 Nc7 21. Qg3 Qc6 22. Rf2 Rf8 23. Raf1 Qd7 24. Nxg6 hxg6 {Diamant,A (2540)-Boutin Neto,M (1542) Sao Paulo 2020 1-0 (34)}) ({RR} 10. e3 Nbd7 11. Qe2 O-O 12. f4 Ne8 13. Nhf3 f6 14. e4 dxe4 15. dxe4 Bc5+ 16. Kh1 e5 17. f5 Bf7 18. Nb3 Be7 19. h4 b5 20. Rd1 Nd6 21. g5 Bh5 22. gxf6 gxf6 23. Bh6 Re8 24. Qe1 Kh8 {Gubajdullin,A (2238)-Nur-Mukhametova,A (2226) chess.com INT 2025 1-0 (70)}) ({RR} 10. Ndf3 Nbd7 11. b3 O-O 12. Nxg6 hxg6 13. Bb2 a5 14. a3 Qc7 15. c4 Rfe8 16. Rc1 Rad8 17. Qd2 Qb6 18. Qc2 Bd6 19. Bd4 c5 20. Ba1 Bb8 {1-0 (20) Janocha,W (2315)-Luch,M (2115) Polanica Zdroj 2001}) 10... Nbd7 11. Qe2 Qc7 12. f4 dxe4 13. dxe4 O-O-O 14. Nxg6 hxg6 15. a4 g5 16. Nc4 Rh4 17. e5 Nd5 18. fxg5 Bc5+ 19. Kh1 Rdh8 20. Rxf7 Qd8 21. Qf3 N7b6 22. Nd6+ Bxd6 23. exd6 Qxd6 24. Bf4 Nxf4 25. Rxf4 Nd5 26. Rf7 e5 27. Qb3 b6 28. Rxa7 Nf4 29. Ra8+ Kb7 30. Rxh8 Rxh8 31. a5 Nxg2 32. Qf7+ Kb8 33. axb6 1-0

[Event "Chigorin Memorial 17th"]
[Site "St Petersburg"]
[Date "2009.10.24"]
[Round "9"]
[White "Zhou, Weiqi"]
[Black "Andriasian, Zaven"]
[Result "1-0"]
[WhiteElo "2593"]
[BlackElo "2612"]
[PlyCount "103"]
[EventDate "2009.10.16"]
[EventType "swiss"]
[EventRounds "9"]
[EventCountry "RUS"]
[SourceTitle "CBM 132 Extra"]
[Source "ChessBase"]
[SourceDate "2009.11.03"]
[SourceVersion "1"]
[SourceVersionDate "2009.11.03"]
[SourceQuality "1"]

1. d4 d5 2. c4 c6 3. Nf3 Nf6 4. e3 e6 5. b3 Nbd7 6. Bd3 Bd6 7. Bb2 b6 8. O-O Bb7 9. Nbd2 O-O 10. Ne5 c5 11. cxd5 Nxd5 ({RR} 11... Bxd5 12. Ndc4 Be7 13. Rc1 cxd4 14. Bxd4 Rc8 15. Qe2 Nc5 16. Bb1 b5 17. Nd2 a6 18. Rfd1 Ncd7 19. Rxc8 Qxc8 20. Nxd7 Nxd7 21. Be4 Nf6 22. Bxf6 Bxf6 23. Bxd5 exd5 24. Nf3 Qe6 25. h3 Rc8 26. Qd2 {So,W (2773)-Ding,L (2766) Wijk aan Zee 2016 ½-½ (41)}) ({RR} 11... exd5 12. Qf3 Re8 13. Nxd7 Nxd7 14. Qh3 Nf8 15. Nf3 h6 16. Ne5 Bxe5 17. dxe5 d4 18. exd4 cxd4 19. Rae1 Rc8 20. f4 Rc7 21. f5 Nh7 22. f6 Ng5 23. Qg3 Qd5 24. h4 Ne6 25. Bf5 g6 26. Rf2 {Iskusnyh,S (2440)-Lai,H (2036) chess.com INT 2024 1-0 (33)}) 12. Ndc4 Nxe5 13. dxe5 Be7 14. Qg4 $146 ({RR} 14. Qh5 g6 15. Qg4 Qc7 16. Rad1 Rad8 17. Bb1 Rd7 18. h4 h5 19. Qh3 Qd8 20. Bxg6 Nf4 21. exf4 Rxd1 22. Bxh5 Rxf1+ 23. Kxf1 Qd5 24. Kg1 Rd8 25. Bf3 Qd7 26. Qg4+ Kh7 27. Qh5+ Kg8 28. Bxb7 Qd1+ {Quaranta,C (2162)-Astengo,M (2104) Corsico 2010 1-0 (48)}) ({RR} 14. Qe2 f5 15. exf6 Bxf6 16. Ne5 Qe7 17. a3 Rad8 18. f4 Bxe5 19. Bxe5 Nf6 20. Rad1 Rd7 21. Bxf6 gxf6 22. Bc4 Bd5 23. f5 Bxc4 {½-½ (23) Rozum,I (2457)-Andriasian,Z (2612) St Petersburg 2009}) ({RR} 14. Qe2 Qc7 15. Rad1 Rad8 16. a3 f5 17. exf6 Bxf6 18. Bxf6 Nxf6 19. f4 Be4 20. Bxe4 Nxe4 21. Qc2 Nf6 22. Ne5 Rxd1 23. Rxd1 Rd8 24. Rd3 Rd5 25. Rxd5 Nxd5 26. Qe4 g6 27. Nf3 Qd6 28. h3 a5 {Wang,S (2386)-Xi,Q (2222) Hangzhou 2019 1-0 (37)}) 14... Qe8 15. Nd6 Bxd6 16. exd6 f6 17. e4 Nb4 18. Bc4 Bc8 19. Rad1 Bd7 20. a3 Nc6 21. f4 Na5 22. Bd3 Nxb3 23. f5 b5 24. e5 Nd4 25. Bxd4 cxd4 26. fxe6 Bxe6 27. Qh4 f5 28. Rc1 Rc8 29. Qxd4 Qd7 30. Rc5 Rxc5 31. Qxc5 a6 32. Rc1 Rc8 33. Qxc8+ Qxc8 34. Rxc8+ Bxc8 35. Kf2 Kf7 36. Ke3 Be6 37. Kd4 Ke8 38. Kc5 Kd7 39. Kb6 g6 40. g3 Bd5 41. Kc5 Be6 42. Kb6 Bd5 43. Bc2 Bc4 44. h4 Be2 45. Kc5 Bc4 46. a4 Kd8 47. Bd1 h6 48. Bc2 Kd7 49. axb5 axb5 50. h5 Bf7 51. hxg6 Bxg6 52. g4 1-0

[Event "Wch Blitz 4th"]
[Site "Moscow"]
[Date "2009.11.16"]
[Round "5"]
[White "Kramnik, Vladimir"]
[Black "Aronian, Levon"]
[Result "1-0"]
[WhiteElo "2772"]
[BlackElo "2786"]
[PlyCount "65"]
[EventDate "2009.11.16"]
[EventType "tourn (blitz)"]
[EventRounds "42"]
[EventCountry "RUS"]
[EventCategory "19"]
[SourceTitle "EXT 2010"]
[Source "ChessBase"]
[SourceDate "2010.11.25"]
[SourceVersion "1"]
[SourceVersionDate "2010.11.25"]
[SourceQuality "1"]

1. Nf3 d5 2. c4 d4 3. b4 f6 4. e3 e5 5. c5 a5 6. Bc4 dxe3 7. fxe3 axb4 8. d4 Nc6 9. O-O Na5 $146 ({RR} 9... Bg4 10. Bxg8 Rxg8 11. Qb3 Rh8 12. Nxe5 Nxe5 13. dxe5 Qd7 14. Qxb4 O-O-O 15. Nc3 h5 16. Rb1 Qc6 17. Ba3 Rd2 18. Rf2 Rxf2 19. Kxf2 fxe5 20. Nb5 Qa6 21. Qb2 Be7 22. c6 Rf8+ 23. Kg1 Bxa3 24. cxb7+ {Juergens,K (2142)-Goes,C (1800) Dresden 2010 ½-½ (54)}) 10. Nxe5 Nxc4 11. Nxc4 Be6 12. Nbd2 Ne7 13. Bb2 Nd5 14. Qf3 b5 15. cxb6 Nxb6 16. Nxb6 cxb6 17. Qc6+ Bd7 18. Qd5 Be7 19. Nc4 b5 20. Ne5 Rf8 21. Nxd7 Ra7 22. Qh5+ g6 23. Qxh7 Qxd7 24. Qxg6+ Kd8 25. d5 Kc8 26. Rac1+ Kb8 27. d6 Qxd6 28. Rfd1 Qa6 29. Qg3+ Ka8 30. Qf3+ Qb7 31. Rc6 Rxa2 32. Rd7 Qxd7 33. Rc7+ 1-0

[Event "Wch Blitz 4th"]
[Site "Moscow"]
[Date "2009.11.17"]
[Round "15"]
[White "Tkachiev, Vladislav"]
[Black "Jakovenko, Dmitrij"]
[Result "1-0"]
[WhiteElo "2642"]
[BlackElo "2736"]
[PlyCount "119"]
[EventDate "2009.11.16"]
[EventType "tourn (blitz)"]
[EventRounds "42"]
[EventCountry "RUS"]
[EventCategory "19"]
[SourceTitle "EXT 2010"]
[Source "ChessBase"]
[SourceDate "2010.11.25"]
[SourceVersion "1"]
[SourceVersionDate "2010.11.25"]
[SourceQuality "1"]

1. g3 d5 2. Nf3 c6 3. Bg2 Bg4 4. O-O Nd7 5. d3 Ngf6 6. h3 Bh5 7. Qe1 e5 8. e4 Bd6 9. exd5 cxd5 10. Nxe5 Nxe5 11. d4 Qe7 12. dxe5 Bxe5 13. c3 $146 ({RR} 13. Kh2 Be2 14. Rh1 O-O 15. Nc3 Bc4 16. f4 Bd6 17. Qxe7 Bxe7 18. Be3 Rfd8 19. Rad1 Bb4 20. Bd4 Re8 21. Rhe1 Ne4 22. Bf3 Nxc3 23. bxc3 Ba5 24. a3 a6 25. g4 Bc7 26. Be5 Bxe5 27. fxe5 Rad8 {Kushko,D (2379)-Chylewski,P (2281) chess.com INT 2023 0-1 (86)}) ({RR} 13. Kh2 Be2 14. Rh1 O-O 15. Nc3 Bc4 16. f4 Bd6 17. Qxe7 Bxe7 18. Be3 Rfd8 19. Rad1 Bb4 20. Bd4 Re8 21. Rhe1 Ne4 22. Bf3 Nxc3 23. bxc3 Ba5 24. a3 a6 25. g4 Bc7 26. Be5 Bxe5 27. fxe5 Rad8 {Kushko,D (2379)-Chylewski,P (2281) chess.com INT 2023 0-1 (86)}) 13... Bd6 14. Qxe7+ Bxe7 15. Re1 Kd7 16. Be3 Rhe8 17. Nd2 Bg6 18. c4 Bb4 19. Rad1 d4 20. Bxd4 Kc7 21. Be5+ Kb6 22. a3 Bc2 23. axb4 Rxe5 24. Rxe5 Bxd1 25. Rb5+ Kc7 26. Rxb7+ Kd6 27. Rxf7 Rb8 28. b5 Ne8 29. Rxa7 Kc5 30. b3 Kb4 31. Bc6 Nf6 32. Rxg7 Rd8 33. Nf3 Bxb3 34. Ne5 Kc5 35. Nd7+ Nxd7 36. Rxd7 Rh8 37. Rd5+ Kb4 38. b6 Bxc4 39. Re5 Ba6 40. Re8 Rxe8 41. Bxe8 Kc5 42. g4 h6 43. Kh2 Kxb6 44. Kg3 Kc5 45. Kh4 Bf1 46. Kg3 Kd6 47. h4 Ke5 48. Ba4 Bd3 49. f4+ Kf6 50. g5+ hxg5 51. hxg5+ Kg6 52. Bc6 Bc2 53. Kh4 Bd3 54. Bd7 Bc2 55. f5+ Kf7 56. f6 Bg6 57. Kg4 Bd3 58. Kf4 Bc2 59. Bf5 Bd1 60. Ke5 1-0

[Event "Wch Blitz 4th"]
[Site "Moscow"]
[Date "2009.11.17"]
[Round "18"]
[White "Kramnik, Vladimir"]
[Black "Tkachiev, Vladislav"]
[Result "1-0"]
[WhiteElo "2772"]
[BlackElo "2642"]
[PlyCount "109"]
[EventDate "2009.11.16"]
[EventType "tourn (blitz)"]
[EventRounds "42"]
[EventCountry "RUS"]
[EventCategory "19"]
[SourceTitle "EXT 2010"]
[Source "ChessBase"]
[SourceDate "2010.11.25"]
[SourceVersion "1"]
[SourceVersionDate "2010.11.25"]
[SourceQuality "1"]

1. Nf3 d5 2. c4 d4 3. b4 c5 4. bxc5 Nc6 5. g3 e5 6. d3 Bxc5 7. Bg2 h6 8. O-O Nf6 9. Ba3 Bxa3 10. Nxa3 O-O 11. Nd2 $146 ({RR} 11. Qa4 Qe7 12. Nb5 a6 13. Na3 e4 14. dxe4 Nxe4 15. Nc2 Nc3 16. Qb3 Nxe2+ 17. Kh1 Bf5 18. Rfe1 Rae8 19. Rad1 d3 20. Rxd3 Bxd3 21. Qxd3 Qe4 22. Qxe4 Rxe4 23. Ng1 Rxc4 24. Rxe2 Rd8 25. h4 Rd1 {Gokhale,R (2079)-Putnam,L (2323) chess.com INT 2024 1-0 (77)}) ({RR} 11. Qa4 Qe7 12. Nb5 a6 13. Na3 e4 14. dxe4 Nxe4 15. Nc2 Nc3 16. Qb3 Nxe2+ 17. Kh1 Bf5 18. Rfe1 Rae8 19. Rad1 d3 20. Rxd3 Bxd3 21. Qxd3 Qe4 22. Qxe4 Rxe4 23. Ng1 Rxc4 24. Rxe2 Rd8 25. h4 Rd1 {Gokhale,R (2079)-Putnam,L (2323) chess.com INT 2024 1-0 (77)}) 11... Qe7 12. Nc2 Bf5 13. Rb1 Rac8 14. Qc1 e4 15. Rb3 Rfe8 16. Re1 Qd7 17. Qb2 b6 18. dxe4 Nxe4 19. Nf3 Nc5 20. Nfxd4 Bxc2 21. Nxc2 Nxb3 22. axb3 Qd2 23. Qb1 Na5 24. e3 Qc3 25. Nd4 Qb4 26. Bd5 Rc7 27. Rd1 Nb7 28. Nb5 Rce7 29. Bxb7 Rxb7 30. Nd6 Rbb8 31. Nxe8 Rxe8 32. Rd5 g6 33. Qd3 Re7 34. Kg2 Re6 35. Rd8+ Kg7 36. Qd4+ Rf6 37. Rd7 a6 38. Rc7 Qd6 39. Rc8 Qe6 40. Rd8 Qc6+ 41. Rd5 Kh7 42. e4 Re6 43. h4 h5 44. b4 a5 45. b5 Qa8 46. f3 Re8 47. Qf6 Qb7 48. Rd6 Rb8 49. Qd4 Rf8 50. Rxb6 Qa7 51. c5 a4 52. Ra6 Qb7 53. Qxa4 Rd8 54. Qa2 Qe7 55. Ra7 1-0

[Event "Wch Blitz 4th"]
[Site "Moscow"]
[Date "2009.11.18"]
[Round "29"]
[White "Kramnik, Vladimir"]
[Black "Ivanchuk, Vassily"]
[Result "1-0"]
[WhiteElo "2772"]
[BlackElo "2739"]
[PlyCount "49"]
[EventDate "2009.11.16"]
[EventType "tourn (blitz)"]
[EventRounds "42"]
[EventCountry "RUS"]
[EventCategory "19"]
[SourceTitle "EXT 2010"]
[Source "ChessBase"]
[SourceDate "2010.11.25"]
[SourceVersion "1"]
[SourceVersionDate "2010.11.25"]
[SourceQuality "1"]

1. Nf3 Nf6 2. c4 c5 3. g3 d5 4. Bg2 Nc6 5. O-O d4 6. e3 e5 7. exd4 exd4 8. d3 Be7 9. Bf4 O-O 10. Ne5 Nxe5 11. Bxe5 Ng4 12. Bf4 ({RR} 12. Re1 Nxe5 13. Rxe5 Bd6 14. Re1 Bf5 15. Qc2 Qd7 16. Nd2 Rae8 17. Ne4 b6 18. f4 Re7 19. Qf2 Rfe8 20. h3 Bxh3 21. Nxd6 Rxe1+ 22. Rxe1 Rxe1+ 23. Qxe1 Bxg2 24. Nxf7 Bb7 25. Ng5 h6 26. Ne4 Qg4 {Caruana,F (2823)-Anand,V (2779) Saint Louis 2016 ½-½ (37)}) 12... Bd6 13. Qf3 ({RR} 13. Bxd6 Qxd6 14. Nd2 Nf6 15. Ne4 Nxe4 16. Bxe4 Rb8 17. Re1 b6 18. Qf3 Be6 19. Re2 b5 20. b3 bxc4 21. bxc4 Rb6 22. Rae1 g6 23. h4 Rfb8 24. h5 Kg7 25. Qh1 Rb1 26. h6+ Kf8 27. Qh4 Bd7 {Cvek,R (2443)-Malek,D (2273) Krakow POL 2025 1-0 (64)}) ({RR} 13. h3 Bxf4 14. hxg4 Bd6 15. Nd2 Rb8 16. Bd5 Re8 17. Qf3 Be6 18. Rfe1 Qd7 19. Bxe6 Rxe6 20. Re4 Bf8 21. Rae1 Rf6 22. Qd1 h6 23. a3 a6 24. Nf3 b5 25. Ne5 Qc7 26. f4 Bd6 27. cxb5 axb5 {Kramnik,V (2803)-Anand,V (2786) Moscow 2013 ½-½ (43)}) 13... Bxf4 $146 ({RR} 13... Qf6 14. Bxd6 Qxd6 15. Re1 {½-½ (15) Valderrama Quiceno,E (2407)-Stella,A (2487) Sabadell 2019}) 14. Qxf4 g5 15. Qd2 Rb8 16. Na3 b6 17. Rae1 Qf6 18. h3 Ne5 19. f4 gxf4 20. Rxf4 Qg7 21. Nb5 f6 22. Nd6 Qxg3 23. Nxc8 Qxd3 24. Ne7+ Kh8 25. Qf2 1-0